000 01497cam a22003977a 4500
003 CHAP
005 20220329134228.0
008 971013s1968 r 00010 d
010 _a17310
011 _a18282
035 _a22367
040 _cCHAP
082 _a512
_bJ6Y
100 0 0 _aJohnson, Richard E.
_961866
245 0 _aAlgebra
260 _a(s.l.) :
_bFondo Educativo Interamericano,
_c1968
300 _a613 p.
_b: ilus
500 _ac.1 rep. sust. por Johnson, Richard E. Algebra vectorial
590 _aBATCH-UPD
_b10
_c20130110
_lUCH01
_h1551
590 _aBATCH-UPD
_b10
_c20130410
_lUCH01
_h0949
590 _aBATCH-UPD
_b10
_c20130914
_lUCH01
_h1704
590 _aCONVERSION
_b10
_c20130109
_lUCH01
_h1311
650 1 4 _aÁlgebra.
_982391
700 0 _aLendsey, Lona Lee.
_965975
700 0 _aSlesmick, William E.
_9106870
901 _aBK
942 _cLIBRO
949 _a512 J6Y
_bBC
_cLIBRO
_d33724000408274
_eLIBRO
_h41205
_i22367
_si
949 _a512 J6Y
_bBC
_cLIBRO
_d33724000408316
_eLIBRO
_fc.5
_h41209
_i22367
_so
949 _a512 J6Y
_bBC
_cLIBRO
_d33724000580387
_eLIBRO
_fc.8
_h41212
_i22367
_si
949 _a512 J6Y
_bBC
_cLIBRO
_d33724000892980
_eLIBRO
_fc.7
_h4121
_i22367
_si
949 _a512 J6Y
_bBC
_cLIBRO
_d33724000906723
_eLIBRO
_fc.9
_h41213
_i22367
_si
949 _a512 J6Y
_bBC
_cLIBRO
_d33724000948006
_eLIBRO
_fc.4
_h41208
_i22367
_so
949 _a512 J6Y
_bBC
_cLIBRO
_d33724002323769
_eLIBRO
_fc.3
_h41207
_i22367
_so
949 _a512 J6Y
_bBC
_cMUT
_dD_9510
_eMUT
_fc.7
_h41211
_i22367
_si
999 _c17310
_d17310